| 000 | 00647nam a2200205 a 4500 | ||
|---|---|---|---|
| 005 | 20140310183134.0 | ||
| 008 | 030923s19uu xx 00 eng d | ||
| 020 | _a0071122907 | ||
| 050 |
_aHF 1017 _b.Ac26 2002 |
||
| 100 | _aAczel, Amir D. | ||
| 245 |
_aComplete business statistics / _cAmir D. Aczel. |
||
| 250 | _a5th ed. | ||
| 260 |
_aBoston : _bMcGraw Hill, _c2002. |
||
| 300 |
_axxix, 877p. : _bcol. ill. ; _c25 cm. |
||
| 500 | _aIncludes Index w/ CD-ROM | ||
| 650 | _aCommercial statistics | ||
| 650 | _aStatistics | ||
| 942 |
_cBK _2lcc _kFOR |
||
| 999 |
_c19228 _d19228 |
||